000 00353nam a2200157Ia 4500
003 OSt
005 20240304120132.0
008 170523s9999 xx 000 0 und d
020 _a978-8120301290
040 _cIIMTU
100 _aFAYERWEAHES- JOHN
245 0 _aINTERNATIONAL MARKETING
260 _bNEW DELHI PHI
260 _c1970
942 _2ddc
_c02
999 _c891
_d891